Mathématiques
Gespeichert in:
| 1. Verfasser: | |
|---|---|
| Format: | Buch |
| Sprache: | Französisch |
| Veröffentlicht: |
París
Dunod
1967
|
| Schriftenreihe: | Enseignements Supérieurs Economiques et Commerciaux
|
| Schlagworte: | |
| Tags: |
Tag hinzufügen
Keine Tags, Fügen Sie den ersten Tag hinzu!
|
MARC
| LEADER | 00000nam a2200000 a 4500 | ||
|---|---|---|---|
| 001 | UCR8042 | ||
| 003 | CL-VaPUC | ||
| 008 | 980519e19670000FR |||||||||||||||||fre|d | ||
| 082 | 0 | 4 | |a 512 |b CHA |2 21 |
| 100 | 0 | |a Chambadal, Lucien |e author |9 409666 | |
| 245 | 1 | 0 | |a Mathématiques |
| 300 | |a 3 v | ||
| 942 | |c BK | ||
| 945 | |d 19980519 00:00:00 |a crobeson | ||
| 260 | |a París |b Dunod |c 1967 | ||
| 500 | |a v.1: Eléments d'algébre | ||
| 500 | |a v.2: Eléments d'analyse | ||
| 500 | |a v.3: Éléments de calcul des probabilités | ||
| 650 | 0 | |a Matemática |9 260235 | |
| 650 | 0 | |a Álgebra |9 259567 | |
| 650 | 0 | |a Números |9 265328 | |
| 650 | 0 | |a Geometría |9 264063 | |
| 650 | 0 | |a Ecuaciones lineales |9 342219 | |
| 650 | 0 | |a Matrices |9 22 | |
| 583 | |a last modification |c 19980519 00:00:00 |k Rodrigo Vera | ||
| 490 | 0 | |a Enseignements Supérieurs Economiques et Commerciaux | |
| 999 | |c 269608 |d 269606 | ||
| 952 | |0 0 |1 0 |4 0 |6 512_000000000000000_CHA_1967 |7 0 |8 P |9 303395 |a BIBGIM |b BIBGIM |d 2019-11-20 |h v.3 |i 140265K |o 512 CHA 1967 |p 140265K |r 2025-01-15 |w 2019-11-20 |y BK |k COM | ||